| 000 | 00538nam a2200205Ia 4500 | ||
|---|---|---|---|
| 003 | OSt | ||
| 005 | 20230508170754.0 | ||
| 008 | 210423s2003 xx 000 0 und d | ||
| 020 | _a8122415016 | ||
| 040 | _cAL | ||
| 041 | _aeng | ||
| 082 |
_a615.1 _223 _bKARA |
||
| 100 |
_aKAR (Ashutosh). _9100097 |
||
| 245 | _aPharmacognosy and pharmacobiotechnology. | ||
| 260 |
_aNew Delhi _bNew Age International _c2003 |
||
| 300 |
_axvi,883 _bPB |
||
| 365 |
_b325 _cINR |
||
| 906 | _apharmacobiotechnology. ; Pharmacognosy | ||
| 942 |
_2ddc _cBK |
||
| 999 |
_c163882 _d163882 |
||